Bird population studies : (Registro nro. 4999)

Detalles MARC
000 -CABECERA
Campo de control 01346pam a2200313 a 4500
005 - FECHA Y HORA DE LA ULTIMA TRANSACCION
Campo de control 20160107031943.0
008 - ELEMENTOS DE LONGITUD FIJA—INFORMACION GENERAL
Campo de control 900618s1991 enkab b 001 0 eng
020 ## - ISBN
ISBN 0198577303 :
Términos de disponibilidad $105.00
040 ## - FUENTE DE CATALOGACIÓN
Agencia catalogadora original DLC
Agencia transcriptora DLC
Agencia Modificadora CO-BoIAVH
041 ## - IDIOMA
Código de idioma para texto/pista de sonido o título separado Inglés
044 ## - PAÍS DE PUBLICACIÓN
País de publicación Estados Unidos
082 00 - NUMERO DE CLASIFICACION DECIMAL DEWEY
Número de clasificación 639.978
Número del ítem B61b
245 00 - MENCION DE TITULO
Título Bird population studies :
Parte restante del título relevance to conservation and management /
Mención de responsabilidad edited by C.M. Perrins, J.-D. Lebreton, G.J.M. Hirons.
260 ## - PUBLICACION, DISTRIBUCION, ETC. (PIE DE IMPRENTA)
Lugar de publicación, distribución, etc. Oxford ;
-- New York :
Nombre del editor, distribuidor, etc. Oxford University Press,
Fecha de publicación, distribución, etc. 1991.
300 ## - DESCRIPCION FISICA
Extensión xvi, 683 paginas. :
Otros detalles físicos ilustraciones., mapas
Dimensiones 23 x 15 cm.
504 ## - NOTA DE BIBLIOGRAFIA, ETC.
Nota de bibliografía Includes bibliographical references and index.
650 #0 - ASIENTO SECUNDARIO DE MATERIA - TERMINO TEMATICO
Término temático o nombre geográfico como elemento de entrada Bird populations.
650 #0 - ASIENTO SECUNDARIO DE MATERIA - TERMINO TEMATICO
Término temático o nombre geográfico como elemento de entrada Birds
Subdivisión general Conservation.
650 #0 - ASIENTO SECUNDARIO DE MATERIA - TERMINO TEMATICO
Término temático o nombre geográfico como elemento de entrada Aves
Subdivisión general Conservación
650 #4 - ASIENTO SECUNDARIO DE MATERIA - TERMINO TEMATICO
Término temático o nombre geográfico como elemento de entrada poblaciones de aves.
700 1# - ASIENTO SECUNDARIO - NOMBRE PERSONAL
Nombre personal Perrins, Christopher M.
700 1# - ASIENTO SECUNDARIO - NOMBRE PERSONAL
Nombre personal Lebreton, J. D.
Forma más completa del nombre (Jean-Dominique)
700 1# - ASIENTO SECUNDARIO - NOMBRE PERSONAL
Nombre personal Hirons, G. J. M.
856 42 - LOCALIZACION Y ACCESO ELECTRONICOS
Especificación de los materiales Publisher description
Identificador Uniforme del Recurso http://www.loc.gov/catdir/enhancements/fy0636/90041974-d.html
856 41 - LOCALIZACION Y ACCESO ELECTRONICOS
Especificación de los materiales Table of contents only
Identificador Uniforme del Recurso http://www.loc.gov/catdir/enhancements/fy0636/90041974-t.html
906 ## - LOCAL DATA ELEMENT F, LDF (RLIN)
a 7
b cbc
c orignew
d 1
e ocip
f 19
g y-gencatlg
942 ## - ELEMENTOS ADICIONALES (KOHA)
Sistema de clasificación Dewey Decimal Classification
Tipo de ítem Libro
Existencias
Withdrawn status Lost status Sistema de Clasificación Damaged status No para préstamo Colección Inventariado Ubicación Permanente Ubicación actual Fecha de adquisición Fuente de Valor Total Checkouts Número topográfico Inventario / Código de Barras Date last seen Ejemplar Price effective from Forma de adquisición Tipo de material
    Dewey Decimal Classification     General Inventariado 2017 Bogotá Bogotá 21/12/2005 Amazon   LB-639.978 B61b 022660 04/12/2012 Ej. 1 04/12/2012 Compra Libro